एक शिक्षक के शिक्षाप्रद संस्मरण / (Record no. 56070)
[ view plain ]
| 000 -LEADER | |
|---|---|
| fixed length control field | 01125nam a22002417a 4500 |
| 005 - DATE AND TIME OF LATEST TRANSACTION | |
| control field | 20090121151350.0 |
| 008 - FIXED-LENGTH DATA ELEMENTS--GENERAL INFORMATION | |
| fixed length control field | 090121t xxu||||| |||| 00| 0 hin d |
| 010 ## - LCCN (DPL NO) | |
| LC control number | HIN-93816 |
| 020 ## - INTERNATIONAL STANDARD BOOK NUMBER | |
| Terms of availability | 350.00 |
| International Standard Book Number | 9788189399375 |
| 035 ## - SYSTEM CONTROL NUMBER | |
| System control number | HN-66162 |
| 037 ## - SOURCE OF ACQUISITION | |
| Source of stock number/acquisition | DBAD /PUB |
| 040 ## - CATALOGING SOURCE | |
| Original cataloging agency | DPL |
| Language of cataloging | HN |
| 082 ## - DEWEY DECIMAL CLASSIFICATION NUMBER | |
| Classification number | 808.884 |
| 100 ## - MAIN ENTRY--PERSONAL NAME | |
| 9 (RLIN) | 33818 |
| Personal name | शर्मा, भँवर |
| 245 ## - TITLE STATEMENT | |
| Title | एक शिक्षक के शिक्षाप्रद संस्मरण / |
| Statement of responsibility, etc | भँवर शर्मा |
| 260 ## - PUBLICATION, DISTRIBUTION, ETC. (IMPRINT) | |
| Place of publication, distribution, etc | दिल्ली |
| Name of publisher, distributor, etc | सुभद्रा पब्लिशर्स एंड टिस्ट्री |
| Date of publication, distribution, etc | 2011 |
| 270 ## - ADDRESS | |
| Address | बी-216, चन्दू नगर करावल नगर रोड |
| City | दिल्ली |
| Postal code | 110094 |
| 300 ## - PHYSICAL DESCRIPTION | |
| Extent | 256पृ. |
| Dimensions | 22सेमी (सजिल्द) |
| Other physical details | सचित्र |
| 650 ## - SUBJECT ADDED ENTRY--TOPICAL TERM | |
| 9 (RLIN) | 697 |
| 700 ## - ADDED ENTRY--PERSONAL NAME | |
| 9 (RLIN) | 33853 |
| 942 ## - ADDED ENTRY ELEMENTS (KOHA) | |
| Source of classification or shelving scheme | Dewey Decimal Classification |
| Item type | Hindi Books |
| Call number suffix | शर्माभँ |
| Classification part | 808.884 |
| Withdrawn status | Lost status | Source of classification or shelving scheme | Damaged status | Not for loan | Collection code | Home library | Current library | Date acquired | Source of acquisition | Cost, normal purchase price | Total Checkouts | Full call number | Barcode | Date last seen | Copy number | Cost, replacement price | Koha item type |
|---|---|---|---|---|---|---|---|---|---|---|---|---|---|---|---|---|---|
| Dewey Decimal Classification | Not For Loan | Non-fiction | D.B.Act.Division | D.B.Act.Division | 29/08/2011 | DBAD / PUB | 350.00 | 808.884 शर्माभँ | HN-66162 | 29/08/2011 | 1 | 350.00 | Hindi Books |
